000 00299nam a2200109Ia 4500
008 190216s9999||||xx |||||||||||||| ||und||
100 _aSharma
245 0 _aPerspectives In Social And Economic History Of Early India
260 _bMunshiram Manoharlal Pub Pvt Ltd
650 _aHistory
942 _cBK
999 _c20206
_d20206